Conran´s 1980 Catalog (Record no. 20897)

MARC details
000 -CABECERA
campo de control de longitud fija 00509nam a2200193 4500
003 - IDENTIFICADOR DEL NÚMERO DE CONTROL
campo de control OSt
005 - FECHA Y HORA DE LA ÚLTIMA TRANSACCIÓN
campo de control 20260601171021.0
008 - DATOS DE LONGITUD FIJA--INFORMACIÓN GENERAL
campo de control de longitud fija 260520b\\\\\\\\||||||||\||||\00|\0\eng\d
040 ## - FUENTE DE LA CATALOGACIÓN
Centro catalogador/agencia de origen ICI
Lengua de catalogación spa
Centro/agencia transcriptor ICI
Normas de descripción rda
050 ## - SIGNATURA TOPOGRÁFICA DE LA BIBLIOTECA DEL CONGRESO
Número de clasificación NK2715
Número de documento/Ítem C66
100 ## - ENTRADA PRINCIPAL--NOMBRE DE PERSONA
Nombre de persona Conran, Terence
Término indicativo de función/relación autor
245 ## - MENCIÓN DE TÍTULO
Título Conran´s 1980 Catalog
264 ## - PRODUCCIÓN, PUBLICACIÓN, DISTRIBUCIÓN, FABRICACIÓN Y COPYRIGHT
Producción, publicación, distribución, fabricación y copyright Estados Unidos
Nombre del de productor, editor, distribuidor, fabricante Cornan Octopus
Fecha de producción, publicación, distribución, fabricación o copyright 1980
300 ## - DESCRIPCIÓN FÍSICA
Extensión 115 páginas
336 ## - TIPO DE CONTENIDO
Fuente rdacontent
Término de tipo de contenido texto
337 ## - TIPO DE MEDIO
Fuente rdamedia
Nombre/término del tipo de medio sin medio
338 ## - TIPO DE SOPORTE
Fuente rdacarrier
Nombre/término del tipo de soporte volumen
942 ## - ELEMENTOS DE PUNTO DE ACCESO ADICIONAL (KOHA)
Fuente del sistema de clasificación o colocación Library of Congress Classification
Suprimir en OPAC 1
Tipo de ítem Koha Libros

No items available.